Kevin Spacey Movies Quiz Stats

 Plays Quiz Updated Feb 12, 2021

     
Support Sporcle.
Go Orange.
Score 0/48 Timer 10:00
1 Play Today
Year Movie Title % Correct
1999American Beauty
86.4%
1995The Usual Suspects
82.3%
1995Se7en
64.9%
2006Superman Returns
57.4%
2001K-PAX
51.6%
2000Pay It Forward
40.9%
2017Baby Driver
40.8%
1997L.A. Confidential
39.8%
2014Horrible Bosses 2
35.4%
200821
34.9%
2004Beyond the Sea
32%
1998The Negotiator
29.1%
2003The Life of David Gale
26%
1998A Bug's Life
25.3%
1992Glengarry Glen Ross
24.4%
2016Elvis & Nixon
22.6%
1996A Time to Kill
20.1%
2016Nine Lives
19%
1994Swimming with Sharks
17.7%
1997Midnight in the Garden of Good and Evil
17.6%
2011Horrible Bosses
17.3%
1995Outbreak
16.2%
2018Billionaire Boys Club
15.8%
2001The Shipping News
15%
Year Movie Title % Correct
1994The Ref
14.9%
2009The Men Who Stare at Goats
14.1%
2008Moon
11.2%
2007Fred Claus
11.1%
1999The Big Kahuna
10.7%
1988Working Girl
10.4%
1989See No Evil, Hear No Evil
9.8%
2010Casino Jack
8.6%
2017Rebel in the Rye
7.3%
1992Consenting Adults
7%
2011Margin Call
6.9%
1998Hurlyburly
6.7%
2011Inseparable
6.5%
2009Shrink
6.5%
2000Ordinary Decent Criminal
6.1%
2003The United States of Leland
5.9%
2005Edison
5.8%
1994Iron Will
5.5%
1989Dad
5.5%
1990Henry & June
5%
1988Rocket Gibraltar
4.5%
2010Father of Invention
4%
1990A Show of Force
3.4%
2008Telstar: The Joe Meek Story
3.4%

From the Vault

15 in 15: MLB AL Teams

by pecheneg

Sports 15s
Now make them all play against each other at once.
Remove Ads.
Support Sporcle.
Get the best of Sporcle when you Go Orange. This ad-free experience offers more features, more stats, and more fun while also helping to support Sporcle. Thank you for becoming a member.

Show Comments

Extras

Top Quizzes Today


Score Distribution

Your Account Isn't Verified!

In order to create a playlist on Sporcle, you need to verify the email address you used during registration. Go to your Sporcle Settings to finish the process.

Report this User

Report this user for behavior that violates our Community Guidelines.

Details: